000 00437nam a2200169Ia 4500
005 20250224051844.0
008 240331s9999 xx 000 0 und d
082 _bRAG
_26122
_a920
100 _aRaghavan, P
245 0 _aPak. Oru Puthirin Saridham:
_bPolitical History of Pakistan
260 _aChennai
_bKizhakku Pathippagam
_c2004
300 _a184 p.,
650 _aPakistan
650 _aPolitics
650 _aHistory
942 _cL
999 _c4695
_d4695